000 00808cab a2200241 4500
001 ABS54148
008 090401t1995 xxu||||| |||| 00| 0 eng d
035 _a(Sirsi) u8795
041 _aeng
245 _aEstates Times Feature: Investment & Development
260 _c1995
350 _a0
490 _aEstates Times
_v(1306) 8 December 1995, 24-28(5)
520 _aInvestigates the recent trends in the investment and development markets, with particular reference to Scotland, London, Manchester and Leeds.
650 _aARCHITECTURAL FIRMS
650 _aINSTITUTIONAL INVESTMENT
650 _aPARTNERING
650 _aPRIVATE INVESTORS
650 _aRETAIL INVESTMENT
690 _aPROPERTY-COMMERCIAL PROPERTY-COMMERCIAL PROPERTY FINANCE AND INVESTMENT
942 _n0
948 _c04/03/1997
999 _c5451
_d5451